000 00918nam a22002537a 4500
003 OSt
005 20180927072504.0
008 180226b xxu||||| |||| 00| 0 spa d
020 _a9509714259
040 _cPJ
100 _9487
_aChiappini, Julio Oscar
245 1 0 _aTáctica procesal civil :
_cJulio Chiappini; prólogo de Adolfo A. Rivas.
260 _aBuenos Aires :
_bLa Rocca,
_c1990.
300 _c23 cm.
500 _aNotas y citas a pie de página.
504 _aBibliografía: p. 279-286.
505 _aContenido: Competencia y radicación de la causa -- Tramitación de la causa -- Prueba -- Recursos -- Honorarios forenses -- Addenda.
650 0 _91148
_aDERECHO PROCESAL CIVIL
650 0 _91953
_aPROCEDIMIENTO CIVIL
650 0 _92349
_aJURISDICCION Y COMPETENCIA
650 0 _91954
_aRECURSOS
700 _92137
_aRivas, Adolfo Armando
_eprologuista
942 _2udc
_cLIB
_h347.92
_iCHI
999 _c1560
_d1560